logo

Bir Sreshtho Munshi Abdur Rouf Library
Jhenaidah Cadet College

A classification of the major groups of human and other animal viruses / (Record no. 7654)

MARC details
000 -LEADER
fixed length control field 00802nam a2200265 a 4500
003 - CONTROL NUMBER IDENTIFIER
JCCL marc code BD-JhCC
005 - DATE AND TIME OF LATEST TRANSACTION
control field 20180212182813.0
008 - FIXED-LENGTH DATA ELEMENTS--GENERAL INFORMATION
fixed length control field 180212s1969 mnua b 000 0 eng d
035 ## - SYSTEM CONTROL NUMBER
system control number (BD-JhCC)
040 ## - CATALOGING SOURCE
Original cataloging agency BD-JhCC
Transcribing agency DLC
Modifying agency BD-JhCC
-- EQO
041 ## - LANGUAGE CODE
Language code of Book eng
050 0# - LIBRARY OF CONGRESS CALL NUMBER
Classification number QR360
Item number .W52 1969
082 ## - DEWEY DECIMAL CLASSIFICATION NUMBER
Classification number 576/.6484/012
Author mark and Year WIL 1969
096 ## - LOCALLY ASSIGNED NLM-TYPE CALL NUMBER (OCLC)
Classification number QW15
Item number .W744c 1965
100 1# - MAIN ENTRY--PERSONAL NAME
Personal name Wilner, Burton Irwin,
Dates associated with a name 1925-
245 12 - TITLE STATEMENT
Title A classification of the major groups of human and other animal viruses /
Statement of responsibility, etc by Burton I. Wilner.
250 ## - EDITION STATEMENT
Edition statement 4th ed.
260 ## - PUBLICATION, DISTRIBUTION, ETC. (IMPRINT)
Place of publication, distribution, etc Minneapolis :
Name of publisher, distributor, etc Burgess Pub. Co.,
Date of publication, distribution, etc [1969]
300 ## - PHYSICAL DESCRIPTION
Pagination vii, 250 p.
Other physical details illus.
Dimensions 29 cm.
504 ## - BIBLIOGRAPHY, ETC. NOTE
Bibliography, etc Bibliograpy: p. 175-225.
650 #0 - SUBJECT ADDED ENTRY--TOPICAL TERM
Topical term or geographic name as entry element Viruses
Form subdivision Classification.
650 #2 - SUBJECT ADDED ENTRY--TOPICAL TERM
Topical term or geographic name as entry element Viruses
General subdivision classification.
942 ## - ADDED ENTRY ELEMENTS (KOHA)
Source of classification or shelving scheme Dewey Decimal Classification
Koha item type Books

No items available.


JCC Library | Contacts | JCC Home

Last Update on 23 September 2017
Copyright @ 2017-2020 JCC Rouf Library
Rouf Library, Jhenidah Cadet College (JCC), Bangladesh